Vuoi star zitta, per favore? /

Saved in:
Bibliographic Details
Main Author: Carver, Raymond (Author)
Other Authors: Duranti, Riccardo (Translator)
Format: Book
Language:Italian
Published: Roma : Minimun fax, 2000
Series:I libri di Carver ; 4
Tags: Add Tag
No Tags, Be the first to tag this record!

MARC

LEADER 00000nam a22000007i 4500
001 IT\ICCU\UBO\1018534
003 ItRI
005 20231215004511.0
008 000509s2000 it |||||| ||||| |||||c
020 |a 888776509X 
040 |b ita  |c C 
041 7 |a ita  |2 ISO-639-2 
082 |a 813.54  |2 21 
100 1 |a Carver, Raymond  |0 IT\ICCU\CFIV\029397  |4 aut 
240 1 0 |a Will you please be quiet, please?  |9 Carver, Raymond 
245 1 0 |a Vuoi star zitta, per favore? /  |c Raymond Carver ; traduzione di Riccardo Duranti. 
260 |a Roma :  |b Minimun fax,  |c 2000 
300 |a 251 p. ;  |c 20 cm. 
700 1 |a Duranti, Riccardo  |0 IT\ICCU\CFIV\024417  |4 trl 
830 2 |a I libri di Carver ;  |v 4  |0 IT\ICCU\RAV\0331373 
942 |2 ddc  |c BK 
952 |0 0  |1 0  |2 ddc  |4 0  |6 813_540000000000000_CAR_VUO  |7 1  |9 409  |a GE  |b GE  |d 2019-10-18  |l 0  |o 813.54 CAR VUO  |p 3341  |r 2023-12-15 00:45:57  |w 2023-12-15  |y BK 
981 1 |6 z01  |a i   |b xxxe  
982 1 |6 z01  |a n 
999 |c 313  |d 313